Cabe: limit listings to boost economy. (Record no. 73785)

MARC details
000 -LEADER
fixed length control field 01158cam a2200217 4500
001 - CONTROL NUMBER
control field WB3943-14
008 - FIXED-LENGTH DATA ELEMENTS--GENERAL INFORMATION
fixed length control field 031113n2003 000 0 eng u
035 ## - SYSTEM CONTROL NUMBER
System control number (Sirsi) u124309
245 ## - TITLE STATEMENT
Title Cabe: limit listings to boost economy.
260 ## - PUBLICATION, DISTRIBUTION, ETC.
Date of publication, distribution, etc. 2003
490 ## - SERIES STATEMENT
Series statement Building Design
Volume/sequential designation 1601 7 November 2003, 2(1)
520 ## - SUMMARY, ETC.
Summary, etc. The Commission for Architecture and the Built Environment's submission to the public consultation on the government's review of the listing process has recommended that economic and social considerations become part of the listing process. These are in opposition to the views expressed by National Heritage and the RIBA. CABEs proposals would mean that listing could be withheld if it would result in the blocking of a significant regeneration project. The public consultation has now closed with the DCMS receiving 400 submissions, the report of the findings will be complied early next year with the White Paper published in the Spring.
590 ## - LOCAL NOTE (RLIN)
Local note WB
650 ## - SUBJECT ADDED ENTRY--TOPICAL TERM
Topical term or geographic name entry element LISTED BUILDINGS
650 ## - SUBJECT ADDED ENTRY--TOPICAL TERM
Topical term or geographic name entry element CABE
650 ## - SUBJECT ADDED ENTRY--TOPICAL TERM
Topical term or geographic name entry element REGENERATION
650 ## - SUBJECT ADDED ENTRY--TOPICAL TERM
Topical term or geographic name entry element ENGLISH HERITAGE
650 ## - SUBJECT ADDED ENTRY--TOPICAL TERM
Topical term or geographic name entry element RIBA
690 ## - LOCAL SUBJECT ADDED ENTRY--TOPICAL TERM (OCLC, RLIN)
Topical term or geographic name as entry element REGENERATION
942 ## - ADDED ENTRY ELEMENTS (KOHA)
Suppress in OPAC 0
Holdings
Withdrawn status Lost status Source of classification or shelving scheme Damaged status Not for loan Home library Current library Shelving location Date acquired Total Checkouts Full call number Barcode Date last seen Copy number Price effective from Koha item type
    Dewey Decimal Classification     London London News article 13/11/2003   WB3943-14 124309-1001 06/08/2019 1 06/08/2019 News article